000 00652nam a2200181 i 4500
001 38538
003 ES-MaACL
005 20250901095955.0
007 t|
008 030225s1894 sp ||||1| spa d
110 2 _aCámara de Comercio, Industria y Navegación de Madrid
_92367
245 1 0 _aMemoria presentada por la Junta directiva a la Asamblea general el 22 de febrero 1894 /
_cCámara de Comercio, Industria y Navegación de Madrid.
260 _aMadrid :
_b[s.n.],
_c1894.
300 _a1 v.
610 2 4 _aCámara de Comercio, Industria y Navegación de Madrid-
_vMemorias.
_9150719
852 _aES-MaACL
_jT-742-F-4
999 _c38538
_d38538